| 000 | 01211nam a22004690a 4500 | ||
|---|---|---|---|
| 001 | PT49524 | ||
| 003 | AR-LpoUNG | ||
| 005 | 20210131231307.0 | ||
| 008 | 191001s2012||||ag |||||||||||||||||spa d | ||
| 020 |
_a9789876292368 _c$8,60 |
||
| 040 |
_aAR-LpoUNG _bspa _cAR-LpoUNG _eaacr |
||
| 041 | _aspa | ||
| 044 | _aag | ||
| 082 | 0 | _a982.062 689ens | |
| 100 | 1 | _aTorre, Juan Carlos | |
| 245 | 1 | 0 | _aEnsayos sobre movimiento obrero y peronismo |
| 250 | _a1ยช ed. | ||
| 260 |
_aBuenos Aires : _bSiglo Veintiuno, _c2012. |
||
| 300 |
_a316 p. : _bmapas |
||
| 650 | 4 | _aANALISIS HISTORICO | |
| 650 | 4 | _aARGENTINA | |
| 650 | 4 | _aCLASE OBRERA | |
| 650 | 4 | _aCRISIS POLITICA | |
| 650 | 4 | _aDEMOCRATIZACION | |
| 650 | 4 | _aHISTORIA POLITICA | |
| 650 | 4 | _aHISTORIA SOCIAL | |
| 650 | 4 | _aIDEOLOGIAS POLITICAS | |
| 650 | 4 | _aMODERNIZACION | |
| 650 | 4 | _aMOVIMIENTOS OBREROS | |
| 650 | 4 | _aPARTICIPACION OBRERA EN ACCIONES | |
| 650 | 4 | _aPARTIDOS POLITICOS | |
| 650 | 4 | _aSINDICALISTAS | |
| 650 | 4 | _aSINDICATOS | |
| 650 | 4 | _aSOCIALISMO | |
| 650 | 4 | _aTRABAJADORES | |
| 651 | 4 | _aArgentina | |
| 653 | _aCORDOBAZO | ||
| 653 | _aPACTO SOCIAL | ||
| 653 | _aPERONISMO | ||
| 905 | _a49524 | ||
| 942 | _cLIB | ||
| 999 |
_c9197 _d9197 |
||